000 00646nam a2200217Ia 4500
003 OSt
005 20220925231710.0
006 a|||||r|||| 00| 0
007 ta
008 220923b |||||||| |||| 00| 0 eng d
037 _cGeneral Book
040 _aRTL
_cRTL
_beng
041 _2eng
_aeng
082 _aX9:8F.N68<N60r, K8
110 _aWARTYHULLY ESTATES LIMITED
_9295912
245 0 _aDirectors report and statement of accounts,1960.
260 _aMangalore
_bWartyhully Estates
_c1968
700 _aWARTYHULLY ESTATES LIMITED
_9295913
942 _hX9:8F.N68<N60r, K8
_cGB
_2CC
999 _c589186
_d589186